• 首页
  • 本馆介绍
  • 公告通知
  • 最新文献
  • 馆藏检索
  • 电子资源
  • 读者导购
  • 参考咨询
  • 我的图书馆
  • 登录
  • 详细信息显示
  • 放入我的书架
  • 预约/预借图书
  • 作者相关作品
  • 分类相关作品
  • 丛书相关作品
  • 出版社相关作品

书目信息

  • 表格格式
  • 工作单格式
  • 卡片格式
题名:
鲁迅与自然科学
    
 
作者: 刘再复 , 金秋鹏 , 汪子春 著
分册:  
出版信息: 北京   科学出版社  1979.12
页数: 284页
开本: 19cm
丛书名:
单 册:
中图分类: N012
科图分类:
主题词: 科技政策 , 自然科学--科学研究--方针政策 , 自然科学--科学研究--方针 , 科学技术方针 , 自然科学--科学研究--法令 , 自然科学--科学研究--政策
电子资源:
ISBN:
000 00833nam0 2200289 45
001 0205301557
005 20031219104110.4
010    @dCNY0.95
100    @a20020530d1979 km y0chiy0120 ea
101 0  @achi
105    @ach z 000yy
200 1  @a鲁迅与自然科学@ALu Xun Yu Zi Ran Ke Xue@f刘再复,金秋鹏,汪子春著@FLiuZai Fu,Jin Qiu Peng,Wang Zi Chun Zhu
205    @a1979年12月第二版
210    @a北京@c科学出版社@d1979.12
215    @a284页@d19cm
606 0  @a科技政策
606 0  @a自然科学@x科学研究@x方针政策
606 0  @a自然科学@x科学研究@x方针
606 0  @a科学技术方针
606 0  @a自然科学@x科学研究@x法令
606 0  @a自然科学@x科学研究@x政策
690    @aN012@v3
701  0 @a刘再复@4著
701  0 @a金秋鹏@4著
701  0 @a汪子春@4著
801    @aCN@bTSTC@c20020530
905    @f3@b26606-608@dN012@e6
    
    鲁迅与自然科学/刘再复,金秋鹏,汪子春著.-1979年12月第二版.-北京:科学出版社,1979.12
    284页;19cm
    
    
    ISBN :CNY0.95
    
●
相关链接 在E读中查询图书 在五车中查询图书 在当当中查询图书 在豆瓣中查询图书


正题名:鲁迅与自然科学     索取号:N012/6         预约/预借

序号 登录号 条形码 馆藏地/架位号 状态 备注
1 0026606   001782066   密集书库/ [索取号:N012/6] 在馆    
2 0026607   001782093   密集书库/ [索取号:N012/6] 在馆    
3 0026608   001782057   密集书库/ [索取号:N012/6] 在馆    
唐山师范学院图书馆 欢迎您!
大连网信软件有限公司© 版权所有